Normal view
MARC view
Entry Personal Name
001 - CONTROL NUMBER
- control field: 78545
003 - CONTROL NUMBER IDENTIFIER
- control field: OSt
005 - DATE AND TIME OF LATEST TRANSACTION
- control field: 20200306124655.0
008 - FIXED-LENGTH DATA ELEMENTS
- fixed length control field: 200306|| aca||aabn | a|a d
040 ## - CATALOGING SOURCE
- Original cataloging agency: OSt
- Transcribing agency: OSt
100 ## - HEADING--PERSONAL NAME
- Personal name: मणि , डॉ .दिनेश
670 ## - SOURCE DATA FOUND
- Source citation: Work cat.: (OSt): मणि , डॉ .दिनेश , प्राकृतिक आपदाऍ एवं प्रबंधन , 2012









